Die Gedichte des Folquet von Romans / (Record no. 153490)

MARC details
000 -LEADER
campo de control de longitud fija 00745nam a22002055i 4500
001 - NÚMERO DE CONTROL
campo de control 153490
003 - IDENTIFICADOR DE NÚMERO DE CONTROL
campo de control ES-MaACL
005 - FECHA Y HORA DE LA ÚLTIMA TRANSACCIÓN
campo de control 20230906205239.0
008 - DATOS DE LONGITUD FIJA--INFORMACIÓN GENERAL
campo de control de longitud fija 051004s1896 gw | |||||||| ||ger d
040 ## - FUENTE DE CATALOGACIÓN
Centro catalogador/agencia de origen CAM
Lengua de catalogación spa
Centro/agencia transcriptor CAM
245 00 - MENCIÓN DEL TÍTULO
Título Die Gedichte des Folquet von Romans /
Mención de responsabilidad, etc. herausgegeben von Rudolf Zenker.
260 ## - PUBLICACIÓN, DISTRIBUCIÓN, ETC.
Lugar de publicación, distribución, etc. Halle A.S. :
Nombre del editor, distribuidor, etc. Max Niemeyer,
Fecha de publicación, distribución, etc. 1896 (
Fabricante Ehrhardt Karras)
300 ## - DESCRIPCIÓN FÍSICA
Extensión VIII, 91 p. ;
Dimensiones 20 cm.
490 1# - MENCIÓN DE SERIE
Mención de serie Romanische Bibliothek / herausgegeben von Wendelin Foerster ;
Designación de volumen o secuencia 12
700 1# - ENTRADA AGREGADA--NOMBRE PERSONAL
Nombre de persona Zenker, Rudolf,
Término indicativo de función/relación
9 (RLIN) 134034
752 ## - ENTRADA AGREGADA--NOMBRE JERÁRQUICO DEL LUGAR
País o entidad superior Alemania -
Ciudad Halle
830 0# - PUNTO DE ACCESO ADICIONAL DE SERIE-TÍTULO UNIFORME
Título uniforme Romanische Bibliothek / herausgegeben von Wendelin Foerster ;
Designación de volumen o secuencia 12
9 (RLIN) 188145
852 ## - LOCALIZACIÓN
Ubicación ES-MaACL
Número de control de estantería G-13866
Nota libre -- Rust.
Holdings
Estatus retirado Estado de pérdida Estado de daño No para préstamo Colección Biblioteca de origen Biblioteca actual Ubicación en estantería Fecha de adquisición Fuente de adquisición Total de préstamos Signatura topográfica completa Código de barras Visto por última vez Precio de reemplazo Tipo de ítem Koha
        Libros del s. XIX Biblioteca del Ateneo de Madrid Biblioteca del Ateneo de Madrid Sala Pecera Planta 3 17/01/2008     G-13866 1160417 23/02/2023 23/02/2023 Libro impreso antiguo